| 000 | 00538nam a2200169Ia 4500 | ||
|---|---|---|---|
| 008 | 230718s9999 xx 000 0 und d | ||
| 020 | _a9781847941169 | ||
| 041 | _aeng | ||
| 082 |
_a338.9713 _bROB |
||
| 100 |
_aRobertson D.C. _9195483 |
||
| 245 |
_aBrick By Brick _bHow LEGO Rewrote The Rules Of Innovation And Conquered The Global Toy Industry |
||
| 260 |
_c2013 _bRandom House Business |
||
| 300 | _a305 | ||
| 365 |
_cRs. _b699.00 |
||
| 700 |
_aRobertson D.C. _9195483 |
||
| 906 |
_dO:0366822-Jan-2014B:477019-Dec-2013 _cGENRL _b153.78 |
||
| 999 |
_c334883 _d334883 |
||